Countries by First Four Letters #4 - Statistics

General Stats
  • This quiz has been taken 67 times
  • The average score is 20 of 20
Answer Stats
Letters Country % Correct
CANA Canada
100%
ECUA Ecuador
100%
KAZA Kazakhstan
100%
KUWA Kuwait
100%
MADA Madagascar
100%
MEXI Mexico
100%
MONG Mongolia
100%
NETH Netherlands
100%
NORW Norway
100%
SAUD Saudi Arabia
100%
TAIW Taiwan
100%
THAI Thailand
100%
TURK Turkey | Turkmenistan
100%
YEME Yemen
100%
ZIMB Zimbabwe
100%
HOND Honduras
98%
NICA Nicaragua
98%
ANDO Andorra
97%
SEYC Seychelles
97%
UZBE Uzbekistan
97%
No matching quizzes found
Score Distribution
Percent of People with Each Score
Percentile by Number Answered
Your Score History
You have not taken this quiz